Responses for show #7051 - Monday, April 20, 2015

Alex Jacob game 7.

Contestants

[<< previous game]

Todd Lovell, an engineering manager from Carmel, Indiana

Monica Lott, a college English instructor from Rootstown, Ohio

Alex Jacob, a currency trader from Chicago, Illinois (whose 6-day cash winnings total $149,802)

[next game >>]

Jeopardy! Round responses

(Alex Trebek: In honor of National Park Week, our first category is devoted to...)
NATIONAL PARKS
WHO WANTS TO BE A MILLINER?
FROM PAGE TO SCREEN
A ONE-E & A 2-E
(Alex Trebek: Each correct response will have an "E", and then, later in the word, a double "E".)
THE FIRST PRESIDENT
OBESITY IN AMERICA
    $200 30
a canoe

Todd
    $200 29
crown

Alex
    $200 23
Psycho

Alex
    $200 28
seaweed

Alex
    $200 27
Washington

Alex
    $200 26
sidewalks

Alex
    $400 3
Grant

Alex
    $400 12
a tassel

Todd
    $400 22
Alexander

Monica
    $400 21
Tuskegee

Alex
    $400 25
William Henry Harrison

Alex
    $400 20
body mass index

Alex
    $600 2
arches

Todd
    $600 11
a fedora

Triple Stumper
    $600 14
The Shawshank Redemption

Alex
    $600 8
nosebleed

Alex
    $600 9
Adams

Alex
    $600 19
husky

Monica
    $800 1
Washington

Alex
    $800 10
wool

Todd
    $1,200 4
How the Grinch Stole Christmas

Alex
    $800 5
perigee

Todd
    $800 7
Roosevelt

Monica
    $800 18
morbidly

Todd
    $1000 17
Mammoth Cave

Alex
    $1000 13
a block

Monica
    $1000 16
The Theory of Everything

Alex
    $1000 6
veneer

Alex
    $1000 15
(Todd: Who is Adams?)
(Alex Jacob: Who is Jefferson?)
...
(Alex Trebek: [*], after World War I, going to the peace-treaty conference in Paris.)

Woodrow Wilson

AlexTodd
Triple Stumper
    $1000 24
bariatrics

Alex

Scores at the first commercial break (after clue 15):

Alex Monica Todd
$4,200 $1,800 $1,600

Scores at the end of the Jeopardy! Round:

Alex Monica Todd
$9,400 $2,800 $2,600

Double Jeopardy! Round responses

PROLOGUES
IT HAPPENED ONE NIGHT
TV FEMMES FATALES
ANATOMICAL QUOTES
WATER WORLD
OH, B-CITY IN AFRICA
    $400 21
Canterbury

Alex
    $400 1
Lords

Todd
    $400 26
irrigation

Todd
    $400 28
[The end-of-round signal sounds.]

Zimbabwe

Alex
    $800 10
Twilight

Monica
    $800 2
the Old North Church

Monica
    $800 27
Empire

Alex
    $800 22
(Alex Jacob: What is arm?)
(Monica: What is arm in arm?)

hand in hand

AlexMonica
Triple Stumper
    $800 25
potable

Todd
    $800 23
(Alex Jacob: What is... Angola?)
...
(Alex Trebek: Less than a minute to go now, Alex.)
[NOTE: This was the 280,000th clue entered into the J! Archive, on 2015-04-21.]

Sierra Leone

Alex
Triple Stumper
    $1200 8
Wicked

Monica
    $1200 18
Watergate

Todd
    $1200 24
Once Upon a Time

Alex
    $1200 7
the whites of their eyes

Monica
    $1200 15
a tributary

Todd
    $1200 12
Brazzaville

Alex
    $1600 9
The Name of the Rose

Todd
    $8,600 19
Ford's Theatre

Todd
    $1600 3
The Drew Carey Show

Alex
    $1600 5
her face

Monica
    $1600 16
desalinization

Todd
    $1600 13
(Alex Jacob: What is Equatorial Guinea?)

the Central African Republic

Alex
Triple Stumper
    $2000 11
(Samuel) Butler

Alex
    $2000 20
(Monica: Who is Gage?)
...
(Alex Trebek: [*] and Montcalm.)

General Wolfe

Monica
Triple Stumper
    $2000 4
Revenge

Monica
    $2000 6
(Todd: What are eyes?)

feet

MonicaTodd
    $2000 17
spillways

Todd
    $12,600 14
Bloemfontein

Alex

Scores at the end of the Double Jeopardy! Round:

Alex Monica Todd
$26,400 $9,600 $18,400

[wagering suggestions for these scores]

Final Jeopardy! Round responses

BUSINESS
[Alex Jacob waves goodbye when his response is revealed, then props his head in his hand on the lectern in contemplation.]
MonicaWhat is Instagra Twitter?
$5,000
ToddWhat is Instagram?
$8,001
AlexWhat is Twitter
$10,401
Instagram

Final scores:

Alex Monica Todd
$15,999 $4,600 $26,401
2nd place: $2,000 3rd place: $1,000 New champion: $26,401

Game dynamics:

Coryat scores:

Alex Monica Todd
$15,400 $9,600 $11,400
26 R
(including 2 DDs),
4 W
11 R,
2 W
15 R
(including 1 DD),
2 W

Combined Coryat: $36,400

The J! Archive is created by fans, for fans. The Jeopardy! game show and all elements thereof, including but not limited to copyright and trademark thereto, are the property of Jeopardy Productions, Inc. and are protected under law. This website is not affiliated with, sponsored by, or operated by Jeopardy Productions, Inc. Join the discussion at JBoard.tv.